Australian players with 2000 runs opening the batting - Statistics

General Stats
  • This quiz has been taken 17 times
  • The average score is 7 of 18
Answer Stats
Runs Years Active Answer % Correct
8163 2011-present David Warner
100%
5112 1993-2007 Justin Langer
75%
8625 1994-2009 Matthew Hayden
75%
7525 1989-1999 Mark Taylor
69%
5312 1993-2001 Michael Slater
56%
2049 2009-2013 Shane Watson
50%
2928 2008-2010 Simon Katich
50%
2015 2008-2015 Chris Rogers
44%
5234 1961-1971 Bill Lawry
38%
3664 1960-1968 Bob Simpson
31%
2614 1985-1993 David Boon
31%
3381 1946-1955 Arthur Morris
25%
2958 1978-1985 Graeme Wood
25%
2819 1985-1992 Geoff Marsh
19%
2390 1969-1974 Keith Stackpole
19%
2036 1926-1934 Bill Woodfull
13%
3073 1952-1961 Colin McDonald
6%
2492 1964-1976 Ian Redpath
6%
No matching quizzes found
Score Distribution
Percent of People with Each Score
Percentile by Number Answered
Your Score History
You have not taken this quiz